000 00553nam a2200169 u 4500
001 000023190
005 20200930022040.0
008 101130s1964 sp r 000 0 spa d
040 _aDO-SdBNP
_bspa
_cBNPHU
082 _axxx
_bP393m
100 1 _aPeman, José María
_947739
245 1 0 _aMiscelanea :
_bpoesía, novela, cuentos, ensayos, artículos, oratoria, teatro /
_cJosé María Peman.
260 _aMadrid :
_bEscelicer, S.A.,
_c1964.
300 _av. 6 ;
_c21 cm.
500 _aLa biblioteca posee el volumen 6.
505 0 _gv. 6
_tObras completas.
999 _c22687
_d22687